| 000 | 00429pam a2200169 i 4500 | ||
|---|---|---|---|
| 020 | _a0470468424 | ||
| 040 | _cDLC | ||
| 082 | 0 | 0 | _a547 WIL 1975 A106 Or. |
| 100 | 1 | _aKemp, William, | |
| 245 | 1 | 0 | _aOrganic spectroscopy / |
| 260 |
_aNew York : _bWiley, _c[1975] |
||
| 300 |
_axvi, 248 p. : _bill. ; _c25 cm. |
||
| 500 | _a"A Halsted Press book." | ||
| 650 | 0 | _aSpectrum analysis. | |
| 650 | 0 | _aChemistry, Organic. | |
| 942 | _cEK | ||
| 999 |
_c17027 _d17027 |
||